000 00886cab a2200265 4500
001 WB3133-26
008 090401t1995 xxu||||| |||| 00| 0 eng d
035 _a(Sirsi) u61120
041 _aeng
245 _aWhere will we live in the 21st century?
260 _c1995
350 _a0
490 _aTimes
_v6 September 1995, 21(1)
520 _aA publication sponsored by the Joseph Rowntree Foundation sets out proposals for a new design of housing to meet the environmental, geographic and social needs of the 21st century. Refers to plans to redevlop Hulme Estate as part of the Manchester City Challenge.
650 _a21ST CENTURY
650 _aCITY CHALLENGE
650 _aDESIGN
650 _aHOUSE DESIGN
650 _aHOUSING NEEDS
650 _aHULME ESTATE
650 _aJOSEPH ROWNTREE FOUNDATION
690 _aHOUSING
942 _n0
948 _c04/03/1997
999 _c37794
_d37794